【NPB】投手通算勝利数ランキング 【プロ野球】 - Statistics

General Stats
  • This quiz has been taken 59 times
  • The average score is 14 of 30
Answer Stats
勝利数 主な所属球団 Answer % Correct
400 国鉄、読売 金田正一
98%
219 中日 山本昌
81%
276 西鉄 稲尾和久
72%
284 阪急 山田久志
70%
224 西武、福岡、読売 工藤公康
70%
350 阪急、阪神 米田哲也
64%
213 広島 北別府学
64%
317 近鉄 鈴木啓示
62%
303 巨人軍 スタルヒン
57%
206 阪神、広島 江夏豊
57%
188 ヤクルト 石川雅規
57%
222 阪神 村山実
55%
215 千葉 村田兆治
51%
320 阪神、大毎 小山正明
49%
203 読売 堀内恒夫
45%
251 西武 東尾修
43%
215 中日 杉下茂
43%
201 横浜 平松政次
43%
310 南海軍、読売 別所毅彦
40%
191 ヤクルト 松岡弘
36%
200 巨人軍 藤本英雄
32%
237 西鉄軍、阪急 野口二郎
28%
237 大阪 若林忠志
26%
221 南海 皆川睦雄
23%
197 広島 長谷川良平
21%
254 阪急 梶本隆夫
19%
193 大洋 秋山登
19%
189 阪急 石井茂雄
19%
209 読売 中尾碩志
15%
188 南海軍、読売 川崎徳次
9%
No matching quizzes found
Score Distribution
Percent of People with Each Score
Percentile by Number Answered
Your Score History
You have not taken this quiz